| 000 | 00936cam a22002531 4500 | ||
|---|---|---|---|
| 001 | ca 30000100 | ||
| 003 | DLC | ||
| 005 | 20260227111122.0 | ||
| 008 | 840822s1920 xx 000 0 pol | ||
| 010 | _aca 30000100 | ||
| 035 | _a(OCoLC)14025850 | ||
| 040 |
_aDLC _cPSt _dDLC |
||
| 042 | _apremarc | ||
| 050 | 0 | 0 |
_aDK414 _b.W55 |
| 100 | 1 | _aWitkowska, Helena | |
| 245 | 1 | 0 |
_aNauka o Polsce współczesnej _cHelena Witkowska i Ludomir Sawicki. |
| 260 |
_aW Warszawie _bWydawn. M. Arcta _c1920. |
||
| 300 |
_a287 p. _c24 cm. |
||
| 500 | _aAt head of title: Helena Witkowska i Ludomir Sawicki. | ||
| 504 | _a"Bibljografia": p.[283]-285 | ||
| 505 | 0 | _aZimia (L. Sawicki).--Ludność (L. Sawicki).--Życie gospodarcze ziem polskich (L. Sawicki).--Kultura duchowa (H. Witkowska).--Państwo (H. Witkowska).--Ważniejsze zagadnienia polski współczesnej (H. Witkowska) | |
| 651 | 0 | _aPoland. | |
| 700 | 1 |
_aSawicki, Ludomir, _d1884-1929. |
|
| 999 |
_c16581 _d16581 |
||